000 00781nam a2200277uu 4500
001 200429710
999 _c200429710
_d47634
003 TR-AnTOB
005 20241227163753.0
008 180322s2016 tu tur
020 _a9786054797158
040 _aTR-AnTOB
_beng
_cTR-AnTOB
_erda
041 0 _atur
050 0 _aQP39
_b.D64 2016
090 0 _aQP39
_b.D64 2016
245 1 _aDoğal olan :
_byaz dinlencesi akademik sohbeti-5 /
_ceditör Yüğcel Sayman.
264 _aİstanbul:
_bMedipol Üniversitesi,
_c2016
300 _a151 s. ;
_c21 cm.
336 _2rdacontent
_atext
337 _2rdamedia
_aunmediated
338 _2rdacarrier
_avolume
650 0 _aHuman physiology
_95725
650 0 _aHuman anatomy
_95539
902 _a0029689
942 _2lcc
_cBK